000
00296nam a22001337a 4500
003
SGT
020
_a
978-81-8487-593-5
082
_a
628.50154
_b
SAL
100
_a
SALKER, A.V.
245
_a
ENVIRONMENTAL CHEMISTRY
260
_a
DELHI
_b
NAROSA PUB.
_c
2017
300
_a
312
942
_2
ddc
_c
BK
_0
1
999
_c
24630
_d
24630